Estatísticas para Adivinhe a Letra #3

Clique aqui para jogar o quiz

Estatísticas Gerais

  • Esse quiz foi jogado 88 vezes
  • A pontuação média é 138 de 212

Estatísticas das Respostas

% Correto
a
100%
É
97%
E
97%
e
97%
é
97%
o
95%
O
95%
amo!
87%
amo
87%
eu
86%
Eu
86%
te
82%
De
79%
de
79%
me
77%
Se
77%
você
77%
que
75%
Que
75%
vai
73%
Vou
71%
amar
70%
por
70%
não
68%
quer
68%
as
65%
do
65%
65%
sou
65%
tem
65%
64%
meu
64%
quero
64%
mais
62%
sim!
62%
coração?
61%
coração
61%
em
61%
tenho
61%
porque
60%
Quando
58%
digo
57%
Faço
57%
pra
57%
Pra
57%
sei
57%
vida
57%
Diz
56%
mim
56%
minha
56%
pensa
56%
ser
56%
um
56%
estou
55%
muito
55%
posso
55%
tudo
55%
verdade
55%
verdade,
55%
viver
55%
seu
53%
deixei
52%
dizer
52%
fazer
52%
Mas
51%
saudade
51%
ainda
49%
dia
49%
beijo
48%
dar
48%
ouvir
48%
preciso
48%
aparências
47%
negando
47%
perder
47%
tuas
47%
entrego
45%
evidências
45%
falo
45%
mãos
45%
medo
45%
quiser
45%
Disfarçando
44%
enganar
44%
louco
44%
nego
44%
nessa
44%
pensar
44%
depois
43%
desejo
43%
loucura
43%
Chega
42%
aceitar
40%
mentiras
40%
negar
40%
confessar
39%
fingindo
39%
afasto
38%
coisas
38%
nossas
36%
vidas
36%
imaginar
35%
separar
34%
defendo
32%
tipo,
32%

Distribuição das Pontuações

Percentil de Números Respondidos

Porcentagem de Pessoas com Cada Pontuação

Sua Pontuação Histórica

Você não jogou esse quiz